000 00593cam a22002053a 4500
001 40859
003 PGUSA
005 20140828083919.0
008 120925s2012||||xxu|||||s|||||000 | eng d
040 _aPGUSA
_beng
042 _adc
100 1 _aPilling, William
245 1 0 _aPonce de Leon :
_bThe Rise of the Argentine Republic
_h[electronic resource] /
_cWilliam Pilling
260 _bProject Gutenberg,
_c2012
506 _aPublic domain in the USA.
516 _aElectronic text
830 0 _aProject Gutenberg
_v40859
856 4 0 _uhttp://www.gutenberg.org/ebooks/40859
942 _cEB
999 _c270111
_d270111